Statistics for One Piece - General Knowledge #1

Click here to take the quiz!

General Stats

  • This quiz has been taken 209 times
  • The average score is 14 of 20

Answer Stats

HintAnswer% Correct
Member of the Strawhats; fighting with his legsVinsmoke Sanji
99%
First Strawhat member to arrive at the Sabaody
Archipelago after the timeskip
Roronoa Zoro
94%
Second ship of the Strawhat crewThousand Sunny
94%
Number of Gear 4 forms Luffy uses3
93%
First ship of the Strawhat crewGoing Merry
93%
Member of the Strawhats; was member of the
Revolutionary Army for 2 years
Nico Robin
93%
Member of the Strawhats who defeated Kalifa at Enies LobbyNami
87%
Pirate with the highest bounty of all timeGol D. Roger
85%
Member of the Strawhats who has eaten a Zoan-type devil fruitTony Tony Chopper
84%
The sea that the strawhat cook wants to findAll Blue
83%
First of them ^Boundman
75%
Villain on Long Ring Long Land who has lost his Jolly Roger
"Silver Fox" Foxy
70%
Pirate who attacked Orange TownBuggy the Clown
69%
Mermaid princess of the Ryugu KingdomShirahoshi
64%
Devil fruit eaten by Donquixote DoflamingoIto Ito no Mi
60%
Former member of the Roger pirates who takes care of LaboonCrocus
55%
Nickname of Luffy's grandfather Monkey D. GarpGarp the Fist
34%
Crocodile owned this in the Arabasta KingdomA casino
31%
Name of the colosseum in DressrosaCorrida Colosseum
22%
Name of the part of Skypiea, which consists of earth and
was a part of Jaya many years ago
Upper Yard
20%

Score Distribution

Percentile by Number Answered

Percent of People with Each Score

Your Score History

You have not taken this quiz